LEADER 01176nam a2200277 i 4500 001 000000106259 003 CaOOAMICUS 005 20260410140245.0 008 020523s2002 it u000 u ita u 013 $a78453 020 $a88-311-3775-1 040 $aSeMil$bita 100 1 $aGrasso, Santi,$d<1961- >.$0(OLS)http://semarc/name/328 245 10$aPrima lettera ai Corinzi /$cSanti Grasso. 260 $aRoma :$bCittà Nuova,$c2002. 300 $a193 p. ;$c21 cm. 490 0 $aNuovo Testamento : commento esegetico e spirituale 650 4$aBibbia. Nuovo Testamento. Lettera ai Corinzi. 1. - Commentari, studi, critica, interpretazioni.$0(OLS)http://semarc/subject/171 830 0$aNuovo Testamento : commento esegetico e spirituale.$0(OLS)http://semarc/title/627 850 $aSeMil 852 $aSeMil$W1$xVenegono$y1$m2WA Q 4$j268373$B62398$CSeMilBibl$Z2$F71699 $81 961 $aSottoscrizione: Città Nuova (Agente) 996 $6020$a88-311-3775-1$9(OLS)http://semarc/number/86782 996 $6245$aPrima lettera ai Corinzi$9(OLS)http://semarc/title/124835 996 $6260$aRoma :$bCittà Nuova$9(OLS)http://semarc/publisher/29609